000 00306nam a22001337a 4500
082 _a823
_bHAR/C
100 _aHARDY, THOMAS
245 _aCLASSIC WORKS OF HARDY
_bSHORT STORY
260 _aCHERTHALA
_bSHARON BOOKS
_c2009
300 _a66
520 _aCLASSIC STORY
650 _aCLASSIC STORY
942 _cBK
999 _c3664
_d3664